Η γλώσσα C++ σε βάθος : γνωρίστε τη φιλοσοφία του αντικειμενοστεφούς προγραμματισμού μέσα από τη γλώσσα C++
Αποθηκεύτηκε σε:
| Κύριος συγγραφέας: | |
|---|---|
| Μορφή: | Βιβλίο |
| Γλώσσα: | Greek |
| Δημοσίευση: |
Αθήνα :
Κλειδάριθμος,
2014.
|
| Έκδοση: | 2η αναθ. έκδ. |
| Θέματα: | |
| Ετικέτες: |
Προσθήκη ετικέτας
Δεν υπάρχουν, Καταχωρήστε ετικέτα πρώτοι!
|
MARC
| LEADER | 00000cam a2200000 a 4500 | ||
|---|---|---|---|
| 001 | 1/110911 | ||
| 008 | 160531s2014####gr | ||| |||| ||gre|| | ||
| 020 | |a 9789604616206 |q | ||
| 040 | |a GR-MyUa |b gre |c GR-MyUa |e AACR2 | ||
| 041 | 0 | |a gre | |
| 082 | 7 | |a 005.133 |2 (23) | |
| 100 | 1 | |a Χατζηγιαννάκης, Νίκος Μ. | |
| 245 | 1 | 2 | |a Η γλώσσα C++ σε βάθος : |b γνωρίστε τη φιλοσοφία του αντικειμενοστεφούς προγραμματισμού μέσα από τη γλώσσα C++ / |c Νίκος Μ. Χατζηγιαννάκης. |
| 250 | |a 2η αναθ. έκδ. | ||
| 260 | |a Αθήνα : |b Κλειδάριθμος, |c 2014. | ||
| 300 | |a 974 σ. : |b πίν. ; |c 24 εκ. + |e 1 οπτική δισκέτα λέϊζερ Η/Υ (4 3/4 ίν.) | ||
| 504 | |a Βιβλιογραφία: σ. 960-962. Ευρετήριο. | ||
| 650 | 0 | |a C++ (Computer program language) | |
| 852 | |a INST |b LESVOS |c EUDOXUS |e 20160531 |h 005.133 ΧΑΤ |p 005100058547 |q 005100058547 |t EDX |y 0 | ||
| 852 | |a INST |b LESVOS |c EUDOXUS |e 20170613 |h 005.133 ΧΑΤ |p 005100059618 |q 005100059618 |t EDX |y 0 | ||
| 852 | |a INST |b LESVOS |c EUDOXUS |e 20160531 |h 005.133 ΧΑΤ |p 005100058546 |q 005100058546 |t EDX |y 0 | ||
| 852 | |a INST |b LESVOS |c EUDOXUS |e 20170613 |h 005.133 ΧΑΤ |p 005100059619 |q 005100059619 |t EDX |y 0 | ||
| 852 | |a INST |b SAMOS |e 20180213 |h 005.133 ΧΑΤ |p 005300045206 |q 005300045206 |t BK |y 0 | ||
| 852 | |a INST |b SAMOS |e 20180302 |h 005.133 ΧΑΤ |p 005300045305 |q 005300045305 |t BK |y 0 | ||
| 852 | |a INST |b SYROS |e 20181005 |h 005.133 ΧΑΤ |p 005500013501 |q 005500013501 |t BK |y 0 | ||
| 852 | |a INST |b SYROS |e 20181005 |h 005.133 ΧΑΤ |p 005500013502 |q 005500013502 |t BK |y 0 | ||
| 920 | |a Εύδοξος |b Παραγγελία |y Λέσβος-ΤΠΤΕ |z 2016-04 | ||
| 920 | |a Εύδοξος |b Παραγγελία |y Λέσβος-ΤΠΤΕ |z 2017-05 | ||
| 970 | |a Τζαφέρη |b Ευαγγελία |z 31/05/2016 | ||